00784nam a22002657a 4500003000500000005001700005008004100022010001000063011001000073035001000083040000900093082001600102100002600118245010400144260003300248300003100281490003800312650002700350650001300377650003000390650002800420700001500448700001700463830003800480CHAP20220329140809.0971013s1980 r 00010 d a57779 a58751 a62907 cCHAP a574.875bS600aSpanswick, R. M.eed. aPlant membrane transport, current conceptual issuesb: proceedings of the International Workshop... aAmsterdam :bELsevier,c1980 a670 p.b: ilus. ; gráfs. aDevelopments in plant bilogyv; 414aMembranas (Biología)14aOsmosis.14aPlantasxTranslocación.14aTransporte biológico.0 aDainty, J.0 aLucas, W. J.0 aDevelopments in plant bilogyv; 4